| 000 | 01523cam a22004214a 4500 | ||
|---|---|---|---|
| 001 | muse85036 | ||
| 003 | MdBmJHUP | ||
| 005 | 20210127151635.0 | ||
| 006 | m o d | ||
| 007 | cr||||||||nn|n | ||
| 008 | 860326s1984 mx o 00 0 spa d | ||
| 020 | _a9786076284629 | ||
| 020 | _z9681202279 | ||
| 020 | _z9789681202279 | ||
| 035 | _a(OCoLC)1074295718 | ||
| 040 |
_aMdBmJHUP _cMdBmJHUP |
||
| 100 | 1 | _aSagasti, Francisco R. | |
| 245 | 1 | 3 |
_aLa política científica y tecnológica en América Latina _bun estudio del enfoque de sistemas / _cFrancisco R. Sagasti. |
| 264 | 1 | _bColegio de Mexico, | |
| 264 | 3 | _bProject MUSE, | |
| 300 | _a1 online resource (221 pages) | ||
| 490 | 0 |
_aJornadas ; _v101 |
|
| 506 | 0 |
_aOpen Access _fUnrestricted online access _2star |
|
| 588 | _aDescription based on print version record. | ||
| 651 | 0 |
_aLatin America. _2fast _0(OCoLC)fst01245945 |
|
| 651 | 0 |
_aLatin America _xPolitics and government _y1948- |
|
| 651 | 0 |
_aLatin America _xTechnology. |
|
| 650 | 0 |
_aTechnology. _2fast _0(OCoLC)fst01145078 |
|
| 650 | 0 |
_aPolitics and government _2fast _0(OCoLC)fst01919741 |
|
| 655 | 7 |
_aElectronic books. _2local |
|
| 710 | 2 |
_aProject Muse. _edistributor |
|
| 830 | 0 | _aBook collections on Project MUSE. | |
| 856 | 4 | 0 |
_zFull text available: _uhttps://muse.jhu.edu/book/74699/ |
| 999 |
_c26504 _d26504 |
||